Top Non-British Goalscorers In The Premier League By Season - Statistics

General Stats
  • This quiz has been taken 14 times
  • The average score is 27 of 39
Answer Stats
Season Answer % Correct
2006-07 Season - 20 Goals Didier Drogba
92%
2009-10 Season - 29 Goals Didier Drogba
92%
2017-18 Season - 32 Goals Mohamed Salah
92%
2018-19 Season - 22 Goals Mohamed Salah
92%
2020-21 Season - 22 Goals Mohamed Salah
92%
2021-22 Season - 23 Goals Mohamed Salah
92%
2024-25 Season - 29 Goals Mohamed Salah
92%
2021-22 Season - 23 Goals Son Heung-min
92%
2007-08 Season - 31 Goals Cristiano Ronaldo
85%
2022-23 Season - 36 Goals Erling Haaland
85%
2023-24 Season - 27 Goals Erling Haaland
85%
2011-12 Season - 30 Goals Robin van Persie
85%
2012-13 Season - 26 Goals Robin van Persie
85%
2018-19 Season - 22 Goals Sadio Mané
85%
2014-15 Season - 26 Goals Sergio Agüero
85%
2015-16 Season - 24 Goals Sergio Agüero
85%
2001-02 Season - 24 Goals Thierry Henry
85%
2003-04 Season - 30 Goals Thierry Henry
85%
2004-05 Season - 25 Goals Thierry Henry
85%
2005-06 Season - 27 Goals Thierry Henry
85%
2010-11 Season - 20 Goals Carlos Tevez
77%
2010-11 Season - 20 Goals Dimitar Berbatov
77%
2018-19 Season - 22 Goals Pierre-Emerick Aubameyang
69%
2019-20 Season - 22 Goals Pierre-Emerick Aubameyang
69%
2013-14 Season - 31 Goals Luis Suárez
62%
2008-09 Season - 19 Goals Nicolas Anelka
62%
2002-03 Season - 25 Goals Ruud van Nistelrooy
62%
1992-93 Season - 15 Goals Eric Cantona
54%
1993-94 Season - 18 Goals Eric Cantona
54%
1997-98 Season - 16 Goals Dennis Bergkamp
46%
1997-98 Season - 16 Goals Jimmy Floyd Hasselbaink
46%
1998-99 Season - 18 Goals Jimmy Floyd Hasselbaink
46%
2000-01 Season - 23 Goals Jimmy Floyd Hasselbaink
46%
1995-96 Season - 17 Goals Dwight Yorke
38%
1998-99 Season - 18 Goals Dwight Yorke
38%
1999-00 Season - 20 Goals Dwight Yorke
38%
1994-95 Season - 21 Goals Jürgen Klinsmann
31%
1996-97 Season - 18 Goals Ole Gunnar Solskjær
31%
2016-17 Season - 25 Goals Romelu Lukaku
31%
No matching quizzes found
Score Distribution
Percent of People with Each Score
Percentile by Number Answered
Your Score History
You have not taken this quiz